• 首页
  • 本馆介绍
  • 公告通知
  • 最新文献
  • 馆藏检索
  • 电子资源
  • 读者导购
  • 参考咨询
  • 我的图书馆
  • 登录
  • 详细信息显示
  • 放入我的书架
  • 预约/预借图书
  • 作者相关作品
  • 分类相关作品
  • 丛书相关作品
  • 出版社相关作品

书目信息

  • 表格格式
  • 工作单格式
  • 卡片格式
题名:
历史智能训练与疑难解答
    
 
作者: 杨晓东 , 陈正奇 主编
分册:  
出版信息: 西安   陕西人民出版社  1990.05
页数: 204页
开本: 18cm
丛书名:
单 册:
中图分类: G633.51
科图分类:
主题词: 中学--历史课
电子资源:
ISBN: 7-224-01186-X
000 00630nam0 2200205 45
001 0405051064
005 20050407084928.4
010    @a7-224-01186-X@dCNY2.25
100    @a20040505d1990 km y0chiy0120 ea
101 0  @achi
105    @a z 000yy
200 1  @a历史智能训练与疑难解答@ALi Shi Zhi Neng Xun Lian Yu Yi Nan Jie Da@f杨晓东,陈正奇主编@FYang Xiao Dong,Chen Zheng Qi Zhu Bian
210    @a西安@c陕西人民出版社@d1990.05
215    @a204页@d18cm
606 0  @a中学@x历史课
690    @aG633.51@v3
701  0 @a杨晓东@4主编
701  0 @a陈正奇@4主编
801    @aCN@bPftUser@c20040505
905    @dG633.51@e108:5@f1@b240140
    
    历史智能训练与疑难解答/杨晓东,陈正奇主编.-西安:陕西人民出版社,1990.05
    204页;18cm
    
    
    ISBN 7-224-01186-X:CNY2.25
    
●
相关链接 在E读中查询图书 在五车中查询图书 在当当中查询图书 在豆瓣中查询图书


正题名:历史智能训练与疑难解答     索取号:G633.51/108:5         预约/预借

序号 登录号 条形码 馆藏地/架位号 状态 备注
1 0204141   000603939   密集书库/ [索取号:G633.51/108:5] 在馆    
2 0204142   000603957   密集书库/ [索取号:G633.51/108:5] 在馆    
3 0204143   000603948   密集书库/ [索取号:G633.51/108:5] 在馆    
4 0240140   002022448   密集书库/ [索取号:G633.51/108:5] 在馆    
5 0240144   000604000   第一样本阅览室/ [索取号:G633.51/108:5] 在馆    
唐山师范学院图书馆 欢迎您!
大连网信软件有限公司© 版权所有